000 02392 a2200289 4500
999 _c10885
_d10885
020 _a9780797434066
050 0 0 _aHC910
_bZIM 2007
100 _aMaphosa, France
_eeditor
245 0 0 _aZimbabwe's development experiences since 1980 :
_bchallenges and prospects for the future /
_cedited by France Maphosa, Krasposy Kujinga and Sunungurai D. Chingarande.
264 _aOrganization for Social Science Research in Eastern and Southern Africa:
_bHarare
_c2007
300 _aviii, 198 p. :
_bill. ;
336 _2rda content
_atext
_btxt
337 _2rda media
_aunmediated
_bn
338 _2rda carrier
_avolume
_bnc
504 _aIncludes bibliographical references.
505 _aZimbabwe's post independence development policies : contradictions and inconsistencies / France Maphosa -- Policy paradigm shifts in Zimbabwe / Eldred Masunungure and Donald P. Chimanikire -- Education reform in post-independence Zimbabwe / Pharaoh Joseph Mavhunga -- An analysis of gender related developments and challenges in Zimbabwe since independence / Sunungurai Dominica Chingarande -- The state of the National Health System in Zimbabwe and its interface with the HIV/AIDS epidemic / Gillian Chomutare -- Children, youth, and economic reforms : an exploration of the state of street children in Zimbabwe / Yotamu Chirwa -- Employment and unemployment trends in Zimbabwe / Albert Mafusire and Honest Zhou -- The development of agricultural knowledge in Zimbabwe / Netsayi Norris Mudege -- A critical analysis of legislation for water governance in Zimbabwe / Krasposy Kujinga -- The informal sector in Zimbabwe / Zuvarashe Judith Mushipe -- Town planning in Zimbabwe / Percy Toriro -- Migration as a coping strategy : the case of illegal migrants from Zimbabwe to the United Kingdoms [sic] and South Africa / Sunungurai D. Chingarande and France Maphosa -- A final note / France Maphosa and Krasposy Kujinga
650 0 _aEconomic forecasting
650 0 _aEconomic history
651 0 _aZimbabwe
700 1 _aMaphosa, France.
_eeditor
700 1 _aKujinga, Krasposy.
_eeditor
700 1 _aChingarande, Sunungurai.
_eeditor
710 2 _aOrganization for Social Science Research in Eastern and Southern Africa.
856 4 1 _3Table of contents only
_uhttp://www.loc.gov/catdir/toc/fy0805/2008346488.html
942 _2lcc
_cBK
_h910
_iZIM
_kHC